000 00901cam a2200241 4500
001 ABS65621
008 020624n2002 000 0 eng u
035 _a(Sirsi) u118501
100 _aWaller, A.
245 _aWhen data goes out of house
260 _c2002
490 _aEstates Gazette
_v(0221) 25 May 2002, 125(1)
520 _aArgues that landlords who give up their property data to their managing agents must be aware of the financial and legal pitfalls that can arise, such as inadvertent outsourcing of IT support and personal data considerations when transferring data to a third party.
590 _aABS
650 _aPROPERTY DATA
650 _aLANDLORDS
650 _aDATA PROTECTION ACT 1998
650 _aMANAGING AGENTS
650 _aProperty management
_96262
650 _aOUTSOURCING
690 _aMANAGEMENT-BUSINESS MANAGEMENT-INFORMATION MANAGEMENT
942 _n0
999 _c70549
_d70549